000
00286nam a2200097Ia 4500
001
1113484
005
20250827003950.0
008
250824s9999 xx 000 0 und d
245
0
_a
BUGÜN HAYAL KURACAKTIM •J2 ¨98
_c
GÖKÇE ATEŞ AYTUĞ
260
_b
GÜNIŞIĞI KİTAPLIĞI YAYINLARI
999
_c
1113484
_d
1113484